Państwa bez liter W,I,S,Ł,A - Statystyki

Ogólne statystyki
  • Ten quiz został rozwiązany 190 razy
  • Średni wynik to 4 z 7
Statystyki odpowiedzi
Wisła % Poprawnych
Peru
86%
Czechy
72%
Jemen
61%
Togo
59%
Cypr
58%
Kongo
50%
Komory
42%
Nie znaleziono quizów pasujących do podanych kryteriów
Rozkład punktacji
Procent ludzi z każdym wynikiem
Percentyl według liczby udzielonych odpowiedzi
Twoja historia wyników
Nie rozwiązałeś tego quizu